| 000 | 00495nam a22001817a 4500 | ||
|---|---|---|---|
| 003 | CEME | ||
| 005 | 20210628202653.0 | ||
| 008 | 210122b xxu||||| |||| 00| 0 eng d | ||
| 020 | _a0-7506-7728-7 | ||
| 040 | _cceme | ||
| 082 | _a658.4038 GRO | ||
| 100 |
_aJones, Thomas .P,Groff, Todd.R _961003 |
||
| 245 | _aIntroduction to knowledge management km in business | ||
| 260 |
_aNEW YORK _bBUTTERWORTH _c2003 |
||
| 300 | _aVII,179 P | ||
| 650 |
_aKNOWLEDGE MANGAMENT _961004 |
||
| 942 |
_cBK _2ddc |
||
| 999 |
_c570582 _d570582 |
||